Harry Potter et le prisonnier d'Azkaban - Statistiques

Statistiques générales
  • Ce quiz a été pris 454 fois
  • Le résultat moyen est 11 sur 15
Statistiques - réponses
Question Réponse % Correct
Nom du parrain d'Harry Sirius Black
98%
Espèce de l'Animagus du père d'Harry Cerf
94%
Nom de l'hippogriffe d'Hagrid Buck
93%
Patronus d'Harry Cerf
93%
Professeur de DCFM Lupin
90%
Matière enseignée par le professeure Trelawney Divination
86%
Particularité du professeur de DCFM Loup-garou
81%
Maison contre laquelle les gryffondor perdent au Quidditch Poufsouffle
73%
Nom de l'objet magique que Fred et George donnent à Harry Carte du maraudeur
72%
Nom du groupe qu'il forme avec le père et le parrain d'Harry Maraudeur
63%
Nom de la soeur de Vernon Dursley Marge
63%
Nom de l'autre personne du groupe Peter Pettigrow
60%
Nom du village que les élèves de Poudlard visite parfois les week-end Pré-au-Lard
59%
Nom de l'objet magique qu'Hermione utilise pour suivre tout les cours possibles Retourneur de temps
57%
Espèce de l'Animagus du parrain d'Harry Chien
55%
Aucun quiz correspondant
Distribution des résultats
% des personnes avec chaque résultat
Percentile par nombre de réponses
Votre historique - résultats
Vous n’avez pas pris ce quiz